• 首页
  • 本馆介绍
  • 公告通知
  • 最新文献
  • 馆藏检索
  • 电子资源
  • 读者导购
  • 参考咨询
  • 我的图书馆
  • 登录
  • 详细信息显示
  • 放入我的书架
  • 预约/预借图书
  • 作者相关作品
  • 分类相关作品
  • 丛书相关作品
  • 出版社相关作品

书目信息

  • 表格格式
  • 工作单格式
  • 卡片格式
题名:
资源与环境系统分析
    
 
作者: 陈研 编著
分册:  
出版信息: 北京   北京师范大学出版社  2009.02
页数: 267页
开本: 23cm
丛书名:
单 册:
中图分类: F062.1 , X196
科图分类:
主题词: 资源经济学--环境经济学--系统分析--高等学校--教材 , 资源经济学 , 环境经济学 , 系统分析
电子资源:
ISBN: 978-7-303-09732-6
000 01093nam0 2200289 450
001 012009036537
005 20221010164837.94
010    @a978-7-303-09732-6@dCNY30.00
100    @a20090616d2009 em y0chiy0110 ea
101 0  @achi
102    @aCN@b110000
105    @aak z 000yy
200 1  @a资源与环境系统分析@9zi yuan yu huan jing xi tong fen xi@f陈研[等]编著
210    @a北京@c北京师范大学出版社@d2009.02
215    @a267页@c图@d23cm
300    @a新世纪高等学校教材 环境科学与工程系列教材 北京市教育委员会本科生专业建设环境科学类项目资助
304    @a编著还有:李保国,刘刚,展志岗
330    @a本书内容包括4篇共10章,主要选取了和资源与环境系统密切相关的系统分析的基本方法,主要有回归拟合模型、基于过程的动力学模型与应用、资源与环境系统中的优化模型、资源与环境评价的决策模型与应用。
606 0  @a资源经济学@x环境经济学@x系统分析@x高等学校@j教材
606 0  @a资源经济学
606 0  @a环境经济学
606 0  @a系统分析
690    @aF062.1@v4
690    @aX196@v4
701  0 @a陈研@9chen yan@4编著
801  0 @aCN@bRENTIAN@c20091221
905    @b20798214-19@dF062.1@e94@f6
    
    资源与环境系统分析/陈研[等]编著.-北京:北京师范大学出版社,2009.02
    267页:图;23cm
    新世纪高等学校教材 环境科学与工程系列教材 北京市教育委员会本科生专业建设环境科学类项目资助
    
    ISBN 978-7-303-09732-6:CNY30.00
    本书内容包括4篇共10章,主要选取了和资源与环境系统密切相关的系统分析的基本方法,主要有回归拟合模型、基于过程的动力学模型与应用、资源与环境系统中的优化模型、资源与环境评价的决策模型与应用。
●
相关链接 在E读中查询图书 在五车中查询图书 在当当中查询图书 在豆瓣中查询图书


正题名:资源与环境系统分析     索取号:F062.1/94         预约/预借

序号 登录号 条形码 馆藏地/架位号 状态 备注
1 798214   207982147   第一样本阅览室/ [索取号:F062.1/94] 在馆    
2 798215   207982156   第一借阅区/ [索取号:F062.1/94] 在馆    
3 798216   207982165   第一借阅区/ [索取号:F062.1/94] 在馆    
4 798217   207982174   第一借阅区/ [索取号:F062.1/94] 在馆    
5 798218   207982183   第一借阅区/ [索取号:F062.1/94] 在馆    
6 798219   207982192   密集书库-资源管理系/ [索取号:F062.1/94] 在馆    
唐山师范学院图书馆 欢迎您!
大连网信软件有限公司© 版权所有